Guess the Fusion Rock Song Lyrics #203 - Statistics

General Stats
  • This quiz has been taken 12 times
  • The average score is 95 of 125
Answer Stats
Answer % Correct
a
100%
And
100%
and
100%
I
100%
of
100%
to
100%
you
100%
could
89%
do
89%
Don't
89%
Falling
89%
falling
89%
if
89%
in
89%
keep
89%
know
89%
love
89%
my
89%
out
89%
that
89%
what
89%
with
89%
would
89%
for
78%
gonna
78%
I'm
78%
say
78%
the
78%
think
78%
All
67%
feel
67%
her
67%
is
67%
Oh
67%
down
56%
just
56%
Pure Prairie League
56%
stay
56%
while
56%
day
44%
longer
44%
Something
44%
than
44%
feelin
33%
maybe
33%
More
33%
other
33%
find
22%
mind
22%
real
22%
Thinkin
22%
tried
22%
Cause
11%
ease
11%
today
11%
Carolina's
0%
meant
0%
reelin
0%
round
0%
touching
0%
No matching quizzes found
Score Distribution
Percent of People with Each Score
Percentile by Number Answered
Your Score History
You have not taken this quiz